000 00344nam a2200121Ia 4500
008 190216s9999||||xx |||||||||||||| ||und||
100 _aWilliam G Fattley
245 0 _aInfrared And Raman Selection Rules For Molecular And Lattice Vibrations
260 _bJohn Wiley & Sons
_c1972
300 _a222p
650 _aChemistry-Chemistry
942 _cBK
999 _c2241
_d2241